| 000 | 00851nam a2200193 a 4500 | ||
|---|---|---|---|
| 001 | 000029834 | ||
| 005 | 20200930055837.0 | ||
| 008 | 110415s2000 dr 000 0 spa d | ||
| 040 |
_aDO-SdBNP _bspa _cBNPHU |
||
| 082 |
_axxx _bC3978a |
||
| 110 | 2 |
_aCentro Nacional de Investigaciones en Salud Materno Infantil _955757 |
|
| 245 | 1 | 0 |
_aInfección por VIH y el síndrome de inmunodeficiencia adquirida como problema de salud materno infantil en la República Dominicna : _bsituación actual, perspectivas futuras y papel de los micronutrientes en el progreso de la infección VIH a SIDA / _ceditor Eddy Pérez Then. |
| 260 |
_aSanto Domingo : _bCENISMI, _c2000. |
||
| 300 |
_a15 p. ; _c28 cm. |
||
| 490 | 1 |
_aReuniones técnicas _v1 |
|
| 504 | _aBibliografía : p. 15 | ||
| 700 | 1 |
_aPérez Then, Eddy _eed. _956028 |
|
| 830 | 0 |
_aReuniones técnicas _v1 _955759 |
|
| 999 |
_c29326 _d29326 |
||